| 000 | 00385nam a2200145Ia 4500 | ||
|---|---|---|---|
| 008 | 220204s9999 xx 000 0 und d | ||
| 082 |
_a632.931.1:631.8:633.7 _bDIE |
||
| 100 | _aDIERENDONCK, F J E Van | ||
| 245 | 0 | _aManuring of coffee cocoa tea and tobacco | |
| 260 |
_aGeneva _bCentre d'Etude _c1959 |
||
| 650 | _aCocoa | ||
| 650 | _aCoffee | ||
| 650 | _aTea manuring | ||
| 942 | _cBK | ||
| 999 |
_c20265 _d20265 |
||